| 000 | 00714nam a2200229Ia 4500 | ||
|---|---|---|---|
| 003 | BUBTL | ||
| 008 | 151213s9999 xx 000 0 und d | ||
| 020 | _a0028014421 | ||
| 082 | _a657/ P9311c/ 1994 | ||
| 100 |
_aPrice, John Ellis _93519 |
||
| 245 |
_aCollege Accounting Chapter ( 1 - 25 ) : _cJohn Ellis Price, Md. David Haddock and Horace R. Brock |
||
| 250 | _a7th | ||
| 260 |
_aNew York _bGlencoe. _cc1994 |
||
| 300 |
_a[xxxii], 928p . : _bill. ; 25cm. |
||
| 500 | _aIncludes Index | ||
| 650 |
_aAccounting _93520 |
||
| 650 |
_aAccounting _93520 |
||
| 700 |
_aMd. David Haddock and Horace R. Brock _93519 |
||
| 856 |
_k0 _l0 _yDownload |
||
| 942 |
_2ddc _cBK |
||
| 999 |
_c1144 _d1144 |
||